000 00618nam a2200229Ia 4500
003 OSt
005 20221005124028.0
006 a|||||r|||| 00| 0
007 ta
008 221004b |||||||| |||| 00| 0 eng d
024 _a58194
037 _cTextual
040 _aCRL
_cCRL
_beng
041 _2eng
_aeng
082 _aV2:241:N5, H5
100 _aLele P R, etc Co.
_9634589
245 0 _aMarch of events
_b Being the case of the Indian National Congress 1942-45.
260 _c1945
650 _aHISTORY
942 _hV2:241:N5, H5
_cTEXL
_2cc
999 _c1049233
_d1049233